| 000 | 00346nam a22001337a 4500 | ||
|---|---|---|---|
| 008 | 240926b |||||||| |||| 00| 0 eng d | ||
| 022 | _a09726527 | ||
| 041 | _aEng | ||
| 245 | _aJournal Of Emerging Marketing Finance | ||
| 260 |
_aNew Dehli _bSage Publication _c2024 |
||
| 300 | _a386p | ||
| 856 | _ujournals.sagepub.com/home/emf | ||
| 942 |
_cSR _s1 |
||
| 999 |
_c41534 _d41534 |
||